古河市?古賀市? - Statistics

General Stats
  • This quiz has been taken 26 times
  • The average score is 7 of 10
Answer Stats
Hint Explanation Answer % Correct
ひらがな駅名がある 2009年にししぶ駅が開業 古賀市
92%
典型的な近郊農業が発達している 古河市
88%
市役所の庁舎が複数個ある 総和庁舎(本庁舎)、古河庁舎、三和庁舎の3つ 古河市
83%
かつて大手私鉄の路線が走っていた 西鉄宮地岳線(~2007年)が走っていた 古賀市
83%
面積が100㎢以上 古河市:123.58㎢
古賀市:42.07㎢
古河市
71%
「SPY×FAMILY」の原作者の出身地 遠藤達哉さんの出身地 古河市
63%
市内を大根川が流れる 古賀市
63%
2000年から2025年までの人口は減少傾向にある 古河市:約10万人減少
古賀市:約2.5万人増加
古河市
54%
市議会の定数は20人以上 古河市:24人
古賀市:19人
古河市
54%
高速道路が走っている 古賀市
46%
No matching quizzes found
Score Distribution
Percent of People with Each Score
Percentile by Number Answered
Your Score History
You have not taken this quiz